000 00567nam a2200217Ia 4500
005 20250508161100.0
008 008 250505s9999 xx 000 0 eng d
020 _a0-02-402490-2
037 _aTextual
040 _aFEDL
_beng
_cFEDL
041 _aeng
_2eng
084 _a152, ROC
_qFEDL
100 _aRock Irvin
245 0 _aIntroduction to perception
260 _aNew York, USA
_bMacmillan Publishing Co.
_c1975
300 _a580p.
365 _aUSD
_b10.8
650 _aPerception
942 _cTEXL
_h152, ROC
999 _c1368322
_d1368322